<?xml version="1.0" encoding="UTF-8"?>
<record
    xmlns:xsi="http://www.w3.org/2001/XMLSchema-instance"
    xsi:schemaLocation="http://www.loc.gov/MARC21/slim http://www.loc.gov/standards/marcxml/schema/MARC21slim.xsd"
    xmlns="http://www.loc.gov/MARC21/slim">

  <leader>03544cam a22003974a 4500</leader>
  <datafield tag="999" ind1=" " ind2=" ">
    <subfield code="c">234917</subfield>
    <subfield code="d">234917</subfield>
  </datafield>
  <controlfield tag="001">14172626</controlfield>
  <controlfield tag="003">Nust</controlfield>
  <controlfield tag="005">20170403115631.0</controlfield>
  <controlfield tag="008">051118s2006    enka     b    001 0 eng  </controlfield>
  <datafield tag="010" ind1=" " ind2=" ">
    <subfield code="a">  2005033645</subfield>
  </datafield>
  <datafield tag="015" ind1=" " ind2=" ">
    <subfield code="a">GBA612368</subfield>
    <subfield code="2">bnb</subfield>
  </datafield>
  <datafield tag="016" ind1="7" ind2=" ">
    <subfield code="a">013375381</subfield>
    <subfield code="2">Uk</subfield>
  </datafield>
  <datafield tag="020" ind1=" " ind2=" ">
    <subfield code="a">0470022418 (cloth : alk. paper)</subfield>
  </datafield>
  <datafield tag="020" ind1=" " ind2=" ">
    <subfield code="a">9780470022412 (cloth : alk. paper)</subfield>
  </datafield>
  <datafield tag="035" ind1=" " ind2=" ">
    <subfield code="a">(OCoLC)ocm62341525</subfield>
  </datafield>
  <datafield tag="040" ind1=" " ind2=" ">
    <subfield code="a">DLC</subfield>
    <subfield code="c">DLC</subfield>
    <subfield code="d">BAKER</subfield>
    <subfield code="d">C#P</subfield>
    <subfield code="d">MUQ</subfield>
    <subfield code="d">AGL</subfield>
    <subfield code="d">YDXCP</subfield>
    <subfield code="d">BTCTA</subfield>
    <subfield code="d">OKU</subfield>
    <subfield code="d">UKM</subfield>
    <subfield code="d">STF</subfield>
    <subfield code="d">DLC</subfield>
  </datafield>
  <datafield tag="042" ind1=" " ind2=" ">
    <subfield code="a">pcc</subfield>
  </datafield>
  <datafield tag="050" ind1="0" ind2="0">
    <subfield code="b">.R47 2006</subfield>
  </datafield>
  <datafield tag="070" ind1="0" ind2=" ">
    <subfield code="b">.R47 2006</subfield>
  </datafield>
  <datafield tag="082" ind1="0" ind2="0">
    <subfield code="a">333.794 DEW</subfield>
    <subfield code="2">22</subfield>
  </datafield>
  <datafield tag="245" ind1="0" ind2="0">
    <subfield code="a">Renewables-based technology :</subfield>
    <subfield code="b">sustainability assessment /</subfield>
    <subfield code="c">Edited by Jo Dewulf and Herman Van Langenhove.</subfield>
  </datafield>
  <datafield tag="260" ind1=" " ind2=" ">
    <subfield code="a">Chichester ;</subfield>
    <subfield code="a">Hoboken, NJ :</subfield>
    <subfield code="b">Wiley,</subfield>
    <subfield code="c">c2006.</subfield>
  </datafield>
  <datafield tag="300" ind1=" " ind2=" ">
    <subfield code="a">xxx, 354 p. :</subfield>
    <subfield code="b">ill. ;</subfield>
    <subfield code="c">26 cm.</subfield>
  </datafield>
  <datafield tag="440" ind1=" " ind2="0">
    <subfield code="a">Wiley series in renewable resources</subfield>
  </datafield>
  <datafield tag="500" ind1=" " ind2=" ">
    <subfield code="a">H.B</subfield>
  </datafield>
  <datafield tag="504" ind1=" " ind2=" ">
    <subfield code="a">Includes bibliographical references and index.</subfield>
  </datafield>
  <datafield tag="505" ind1="0" ind2=" ">
    <subfield code="a">The contribution of renewables to society / G&#xF6;ran Berndes -- The potential of renewables as a feedstock for chemistry and energy / Wilfried G.J.H.M. van Sark, Martin K. Patel, Andr&#xE9; P.C. Faaij, Monique M. Hoogwijk -- Sustainability performance indicators / Alexei Lapkin -- Life cycle inventory analysis applied to renewable resources / Niels Jungbluth, Rolf Frischknecht -- Net energy balancing and fuel-cycle analysis / Hosein Shapouri, Michael Wang, James A. Duffield -- Life cycle assessment as an environmental sustainability tool / Adisa Azapagic -- Exergy / Jo Dewulf, Herman Van Langenhove -- Material flow analysis and the use of renewables from a systems perspective / Stefan Bringezu -- Ecological footprints and biocapacity : essential elements in sustainability assessment / William E. Rees -- The sustainable process index (SPI) / Michael Narodoslawsky, Anneliese Niederl -- Assessment of sustainable land use in producing biomass / Helmut Haberl, Karl-Heinz Erb -- Assessment of the forest products industries / Klaus Richter, Frank Werner, Hans-J&#xF6;rg Althaus -- Assessment of the energy production industry : modern options for producing secondary energy carriers from biomass / Andr&#xE9; Faaij -- Assessment of biofuels / James A. Duffield, Hosein Shapouri, Michael Wang -- Assessment of organic waste treatment / Jan-Olov Sundqvist -- Oleochemical and petrochemical surfactants : an overall assessment / Erwan Saouter, Gert Van Hoof, Mark Stalmans, Alan Brunskill -- Assessment of bio-based packaging materials / Andreas Detzel, Martina Kr&#xFC;ger, Axel Ostermayer -- Assessment of biotechnology-based chemicals / Peter Saling, Andreas Kicherer -- Assessment of bio-based pharmaceuticals : the Cephalexin case / Alle Bruggink, Peter Nossin.</subfield>
  </datafield>
  <datafield tag="650" ind1=" " ind2="0">
    <subfield code="a">Renewable energy sources.</subfield>
  </datafield>
  <datafield tag="650" ind1=" " ind2="0">
    <subfield code="a">Green chemistry.</subfield>
  </datafield>
  <datafield tag="700" ind1="1" ind2=" ">
    <subfield code="a">Dewulf, Jo.</subfield>
  </datafield>
  <datafield tag="700" ind1="1" ind2=" ">
    <subfield code="a">Langenhove, Herman Van.</subfield>
  </datafield>
  <datafield tag="856" ind1="4" ind2="1">
    <subfield code="3">Table of contents</subfield>
    <subfield code="u">http://www.loc.gov/catdir/toc/ecip063/2005033645.html</subfield>
  </datafield>
  <datafield tag="856" ind1="4" ind2="1">
    <subfield code="z">Available to Stanford-affiliated users at:</subfield>
    <subfield code="z">Knovel</subfield>
    <subfield code="u">http://www.knovel.com/knovel2/Toc.jsp?BookID=2177</subfield>
  </datafield>
  <datafield tag="856" ind1="4" ind2="2">
    <subfield code="3">Publisher description</subfield>
    <subfield code="u">http://www.loc.gov/catdir/enhancements/fy0658/2005033645-d.html</subfield>
  </datafield>
  <datafield tag="906" ind1=" " ind2=" ">
    <subfield code="a">7</subfield>
    <subfield code="b">cbc</subfield>
    <subfield code="c">orignew</subfield>
    <subfield code="d">1</subfield>
    <subfield code="e">ecip</subfield>
    <subfield code="f">20</subfield>
    <subfield code="g">y-gencatlg</subfield>
  </datafield>
  <datafield tag="942" ind1=" " ind2=" ">
    <subfield code="2">ddc</subfield>
    <subfield code="c">BK</subfield>
    <subfield code="k">333.794 DEW</subfield>
  </datafield>
  <datafield tag="952" ind1=" " ind2=" ">
    <subfield code="0">0</subfield>
    <subfield code="1">0</subfield>
    <subfield code="2">ddc</subfield>
    <subfield code="4">0</subfield>
    <subfield code="7">0</subfield>
    <subfield code="8">NFIC</subfield>
    <subfield code="a">IESE</subfield>
    <subfield code="b">IESE</subfield>
    <subfield code="c">GEN</subfield>
    <subfield code="d">2017-04-03</subfield>
    <subfield code="l">0</subfield>
    <subfield code="o">333.794 DEW</subfield>
    <subfield code="p">IESE-1264</subfield>
    <subfield code="r">2017-04-03</subfield>
    <subfield code="w">2017-04-03</subfield>
    <subfield code="y">BK</subfield>
  </datafield>
</record>
